States Bordering the Mississippi River Quiz Stats

 Plays Quiz Updated Dec 26, 2018

Support Sporcle.
Go Orange.
Score 0/10 Timer 01:00
3 Plays Today
State % Correct
Mississippi
93%
Missouri
90.4%
Louisiana
89.1%
Arkansas
84.9%
Illinois
80.4%
Iowa
78.6%
Tennessee
77.7%
Minnesota
73.7%
Kentucky
72.8%
Wisconsin
61.5%

From the Vault

Most Populous Cities (US)

by DanW

Geography 12m
Two's company, three million's a crowd.
Remove Ads.
Support Sporcle.
Get the best of Sporcle when you Go Orange. This ad-free experience offers more features, more stats, and more fun while also helping to support Sporcle. Thank you for becoming a member.

Show Comments

Extras

Top Quizzes Today


Score Distribution

Your Account Isn't Verified!

In order to create a playlist on Sporcle, you need to verify the email address you used during registration. Go to your Sporcle Settings to finish the process.

Report this User

Report this user for behavior that violates our Community Guidelines.

Details: